00400 a2200109 4500001001000000005001700010008004100027245012300068100002000191773006200211999001700273ART_4700720260410162032.0260409a 10aPintura. Obreros. CCT 86/1989. Particularidades de la actividad y liquidación de sueldos. Acuerdo salarial 2017/20181 aGodoy, Laura M.0 tLiquidación de sueldosg- Nº 138 (nov. 2017)wREV44399 c34094d34094